| 000 | 01055nam a2200145Ia 4500 | ||
|---|---|---|---|
| 008 | 231221s9999 xx 000 0 und d | ||
| 041 | _aEnglish | ||
| 245 | 0 | _aDigit (1999 - | |
| 260 | _cJun, 2001 | ||
| 440 | _aI | ||
| 500 | _aTitle changed into CHIP | ||
| 510 | _aPlayware, Arena , Age of empires 11: The conquerors expansion homworld cataclysm Fifa 2001, Hardwood Solitaire Stunt GP Monkey Brains, Connect, Book marks: Indian art Sitemap: FashionIndia.Net Newsletters: Free Graphics sites India sites,ISP Watch Surge: MP3 Music Avalance Dana Mase Nicodemus penta- gram Trailers; Along came a spider Evolution 2001 Lucky Numbers Gallery : Wallpapers, Screensavers, Skins, Themes Droolmaal Featuring8 New-generation PDAS also Featuring Digital World Power By seagate | ||
| 650 | _aPlayware, Arena , Age of empires 11: The conquerors expansion homworld cataclysm Fifa 2001, Hardwood Solitaire Stunt GP Monkey Brains, Connect, Book marks: Indian art Sitemap: FashionIndia.Net Newsletters: Free Graphics sites India sites,ISP Watch Sur | ||
| 942 | _cCD | ||
| 999 |
_c202216 _d202216 |
||